| 000 | 00575nam a2200229Ia 4500 | ||
|---|---|---|---|
| 003 | OSt | ||
| 005 | 20220928111735.0 | ||
| 006 | a|||||r|||| 00| 0 | ||
| 007 | ta | ||
| 008 | 220927b |||||||| |||| 00| 0 eng d | ||
| 024 | _a47545 | ||
| 037 | _cTextual | ||
| 040 |
_aSDCL _cSDCL _beng |
||
| 041 |
_2eng _aeng |
||
| 082 | _aO152,1N331x, L0 | ||
| 100 | _aAjit Kumar | ||
| 245 | 0 | _aYe phul nahi. | |
| 260 |
_aDelhi _bAkshar Prakashan _c1970 |
||
| 300 |
_a96p. _ccm. |
||
| 942 |
_hO152,1N331x, L0 _cTEXL _2CC |
||
| 999 |
_c741739 _d741739 |
||